I’m A Believer - Smash Mouth - All Lyrics - Statistics

General Stats
  • This quiz has been taken 75 times
  • The average score is 204 of 233
Answer Stats
Answer % Correct
a
100%
believer
100%
I
100%
I'm
100%
oh
100%
her
98%
in
98%
mind
98%
my
98%
not
98%
Not
98%
the
98%
face
96%
if
96%
love
96%
Love
96%
love,
96%
saw
96%
me
94%
but
93%
doubt
93%
then
93%
Then
93%
fairy
91%
for
91%
Now
91%
only
91%
tales
91%
was
91%
of
89%
thought
89%
trace
89%
tried
89%
couldn't
87%
to
87%
And
85%
leave
83%
get
80%
out
80%
true
80%
it
76%
someone
76%
else
74%
got,
74%
got
74%
When
74%
yeah
74%
Yeah,
74%
yeah,
74%
all
70%
All
70%
is
65%
That's
65%
you
65%
dreams
63%
way
63%
Meant
57%
or
56%
thing
54%
wanted
54%
less
52%
seemed
52%
more
50%
More
50%
trying?
50%
What's
50%
rain
48%
sunshine,
48%
use
48%
haunted
46%
pain
46%
gave,
44%
given
44%
Disappointment
43%
No matching quizzes found
Score Distribution
Percent of People with Each Score
Percentile by Number Answered
Your Score History
You have not taken this quiz